Water conservation and management: Principles and practices (Record no. 1224644)

MARC details
000 -LEADER
fixed length control field 00634nam a2200217Ia 4500
005 - DATE AND TIME OF LATEST TRANSACTION
control field 20241129104142.0
008 - FIXED-LENGTH DATA ELEMENTS--GENERAL INFORMATION
fixed length control field 241129s9999||||xx |||||||||||||| ||und||
020 ## - INTERNATIONAL STANDARD BOOK NUMBER
International Standard Book Number 9781639895632
037 ## - SOURCE OF ACQUISITION
Stock number Textual
040 ## - CATALOGING SOURCE
Original cataloging agency RTL
Language of cataloging eng
Transcribing agency RTL
041 ## - LANGUAGE CODE
Language code of text/sound track or separate title eng
Source of code eng
084 ## - COLON CLASSIFICATION NUMBER
Classification number X9(D2):8 R1
Assigning agency RTL
100 ## - MAIN ENTRY--PERSONAL NAME
Personal name Ford Vincent
9 (RLIN) 725004
245 #0 - TITLE STATEMENT
Title Water conservation and management: Principles and practices
Statement of responsibility, etc. Ford Vincent
260 ## - PUBLICATION, DISTRIBUTION, ETC.
Place of publication, distribution, etc. Brooklyn
Name of publisher, distributor, etc. State Academic Press
Date of publication, distribution, etc. 2022
300 ## - PHYSICAL DESCRIPTION
Extent viii,237p.
365 ## - TRADE PRICE
Price type code INR
Price amount 12962.66
650 ## - SUBJECT ADDED ENTRY--TOPICAL TERM
Topical term or geographic name entry element Water Management
942 ## - ADDED ENTRY ELEMENTS (KOHA)
Koha item type Textbook
Classification part X9(D2):8 R1
Holdings
Withdrawn status Lost status Damaged status Not for loan Home library Current library Date acquired Source of acquisition Cost, normal purchase price Inventory number Total Checkouts Full call number Barcode Date last seen Price effective from Koha item type
        Ratan Tata Library Ratan Tata Library 2024-11-29 The Book Seller 12962.66 00069 & 10/02/2023   X9(D2):8 R1 RT1502580 2024-11-29 2024-11-29 Textbook
Copyright @ Delhi University Library System